01605nam a2200421 a 450000100100000000500170001000800410002702000180006808200160008611000780010224500720018025000120025226000300026430000260029449000270032050000650034750500840041250500250049650500670052150500420058850500730063050500560070350500850075965000200084465000340086465000140089865000120091265000110092465000120093570000330094770000340098070000300101470000260104470000260107070000320109670000300112870000250115800003442620200120222227.0081029s1992 ck aip gr 000 0 spa d a958-9463-08-804a362.29bM452 aColombia. Ministerio de Justicia. Dirección Nacional de Estupefacientes10aEstudio nacional sobre el consumo de sustancias psicoactivas, 1992. a1a. ed. aBogotá :bCIDNE,c1992. a7 v. il. : diag. tab. 0aHechos contra la droga aIncluye Instituciones participantes, anexos y bibliografía av. 1 : Estudio nacional sobre el consumo de sustancias psicoactivas en Colombia av. 2 : Metodología av. 3 : Consumo de sustancias psicoactivas ilegales en Colombia av. 4 : Consumo de alcohol en Colombia av. 5 : Tabaco estadísticas de consumo en la población colombiana av. 6 : Consumo de sustancias inhalables en Colombia av. 7 : Consumo de sustancias psicoactivas en población trabajadora en Colombia14aAbuso de drogas24aDrogas alucinogenas - consumo24aMarihuana24aCocaina24aBasuco24aAlcohol1 aDuque Ramirez, Luis Fernando1 aRodríguez García, Jesús1 aRodríguez Ospina, Edgar1 aRivero, Daria Cecilia1 aHuertas Campos, Jaime1 aGiraldo Guerrón, Patricia1 aRodríguez, Silvia Elena1 aMatuk, María Clara